00847nam a2200205 a 450000100100000000500170001000800410002702000150006804000250008308200150010810000320012324501520015526000400030730000310034750000760037870000480045404900090050295201130051199900170062400002022720200929170324.0100728d2006 dr c 000 0 spa d a9591011709 aDO-SdBNPbspacBNPHU axxxbB516e1 aBermúdez, Jorge R.93911310aErnesto Che Guevara :bAntología visual en la plástica y la gráfica /cJorge R. Bermúdez ; edición y corrección Iraida Sánchez Oliva. aLa Habana :bLetras Cubanas,c2006. a189 p. :bretrs. ;c28 cm. aIncluye datos biográficos del autor en la solapa de la contracubierta1 aSánchez Oliva, Iraidaeed. ; corr.942833 aBNPD 0010718PDaGRbGRcCTd2010-07-28iLF1l0oxxx B516ep20227-10r2020-06-25w2020-06-25yLFPDZNo se presta c19732d19732